00313 a2200133 4500003000400000005001700004008004100021020001800062040000900080082001500089245003500104260003200139300000800171OSt20231110152840.0231110b |||||||| |||| 00| 0 eng d a9789362581185 coclc a297bSAL/B aBhinnikkuvanalla Salafiyyath / aCochin:bDawa Books,c2017. a49p